000
00267nam a22001217a 4500
008
180315b xxu||||| |||| 00| 0 eng d
041
_a
eng
080
_a
336.101.262
100
_a
52
101
_a
BNJ
245
_a
ORGANIZATION BEHAVIORAL
_c
DON.H
942
_2
udc
_c
BK
999
_c
45166
_d
45166